Law and social transformation in India (Record no. 8075)

MARC details
000 -LEADER
fixed length control field 00474nam a2200169Ia 4500
008 - FIXED-LENGTH DATA ELEMENTS--GENERAL INFORMATION
fixed length control field 230917s9999||||xx |||||||||||||| ||und||
020 ## - ISBN
Price RS 2500.00
040 ## - CATALOGING SOURCE
-- 5008759
Original cataloging agency VIVEKANANDA LIBRARY
041 ## - Language
-- English
082 ## - DDC NUMBER
Classification number 340.115 R13L
100 ## - MAIN ENTRY--PERSONAL NAME
Personal name Rai, Ashok Kumar
245 #0 - TITLE STATEMENT
Title Law and social transformation in India
260 ## - PUBLICATION, DISTRIBUTION, ETC. (IMPRINT)
Place of publication, distribution, etc New Delhi
Name of publisher, distributor, etc Best Publishing House
Date of publication, distribution, etc 2022
300 ## - PHYSICAL DESCRIPTION
Pages viii, 314 p.
500 ## - GENERAL NOTE
General note 4957 28/12/2022 SSDN23/4865 03/01/2023 Main Budget
942 ## - ADDED ENTRY ELEMENTS (KOHA)
Koha item type Books
Holdings
Withdrawn status Lost status Damaged status Not for loan Location (home branch) Sublocation or collection (holding branch) Date acquired Koha issues (times borrowed) Koha full call number Accession No. Koha date last seen Koha item type Source of classification or shelving scheme Shelving location
        VIVEKANANDA LIBRARY VIVEKANANDA LIBRARY 16/01/2023   340.115 R13L 377178 17/09/2023 Books    
        VIVEKANANDA LIBRARY VIVEKANANDA LIBRARY 04/03/2024   340.115 R13L 377451 04/03/2024 Books Dewey Decimal Classification Law Library
        VIVEKANANDA LIBRARY VIVEKANANDA LIBRARY 03/02/2026   340.115 R13L 377845 03/02/2026 Books Dewey Decimal Classification Law Library
© Designed and Maintained by Vivekananda Library, MDU Rohtak